Von Liebe ist nicht die Rede / (Record no. 5513)

MARC details
000 -LEADER
fixed length control field 00580cam a22002051a 4500
001 - CONTROL NUMBER
control field af 48003311
003 - CONTROL NUMBER IDENTIFIER
control field DLC
005 - DATE AND TIME OF LATEST TRANSACTION
control field 20260227110901.0
008 - FIXED-LENGTH DATA ELEMENTS--GENERAL INFORMATION
fixed length control field 890504s1947 gw 000 1 ger c
010 ## - LIBRARY OF CONGRESS CONTROL NUMBER
LC control number af 48003311
035 ## - SYSTEM CONTROL NUMBER
System control number (OCoLC)19655532
040 ## - CATALOGING SOURCE
Original cataloging agency Yale Univ. Library
Transcribing agency CU
Modifying agency TxU
-- DLC
042 ## - AUTHENTICATION CODE
Authentication code premarc
050 00 - LIBRARY OF CONGRESS CALL NUMBER
Classification number PT2621.R814
Item number V6
100 1# - MAIN ENTRY--PERSONAL NAME
Personal name Krüger, Hellmuth,
Dates associated with a name 1890-
245 10 - TITLE STATEMENT
Title Von Liebe ist nicht die Rede /
Statement of responsibility, etc. Hellmuth Krüger.
260 ## - PUBLICATION, DISTRIBUTION, ETC.
Place of publication, distribution, etc. München :
Name of publisher, distributor, etc. Drei-Fichten-Verlag,
Date of publication, distribution, etc. 1947.
300 ## - PHYSICAL DESCRIPTION
Extent 127 p. ;
Dimensions 19 cm.
500 ## - GENERAL NOTE
General note Short stories and poems.

No items available.

Powered by Koha